000 01146nam2a22002531 4500
001 rc\320870
005 20250621064150.0
035 _a(NLR Aleph) 005631499
090 _a6579539
_c6579539
100 _a20030307d1990 |||y0rusy50 ca
101 0 _arus
102 _aRU
105 _aa |||||||||
200 0 _aЧ. 2
210 _d1990
_aБ. м.
215 _a323, [1] с.
_cил.
320 _aБиблиогр. в конце докл.
320 _aАвт. указ.: с.316-323
461 0 _1001rc\320868
_12001#$aXVI Всесоюзная конференция по распространению радиоволн, Харьков, октябрь 1990 г.$eТез. докл.$vЧ. 2
_96579522
_aВсесоюзная конференция по распространению радиоволн (16 ; 1990 ; Харьков)
_cХарьков
_d1990
_nХПИ
_oТез. докл.
_tXVI Всесоюзная конференция по распространению радиоволн, Харьков, октябрь 1990 г.
_vЧ. 2
801 0 _aRU
_bNLR
_gpsbo
801 1 _aRU
_bELAR
_2rusmarc
852 _aNLR
_j90-3/8173
942 _cBOOK
980 _aNB